000
00297nam a22001217a 4500
008
180215b xxu||||| |||| 00| 0 eng d
041
_a
eng
080
_a
37
100
_a
48
101
_a
edu
245
_a
the education audio and speech language pathologists
_c
judith.a.r
942
_2
udc
_c
BK
999
_c
42680
_d
42680